LEADER 00939nam a2200217 i 4500 001 000000215191 003 CaOOAMICUS 005 20231026113303.0 008 120816s1806 it u000 u ita u 013 $a194063 026 $ae.o- n-ns saop pole (3) 1806 (R) 040 $aSeMil$bita 245 10$aTomo 4. 300 $a[8], 255, [3], 257-386 p. 500 $aContiene confutazione di opere di Locke, Malebranche, Spinoza e Descartes. 500 $aSegn.: pg4 A-3B4 3C2 773 0 $aGerdil, Giacinto Sigismondo <1718-1802>$tOpere edite ed inedite del cardinale Giacinto Sigismondo Gerdil ... dedicate alla Santità di N. S. Pio 7. p. m. Tomo 1. [-20.].$dIn Roma : Dalle stampe di Vincenzo Poggioli, in via dell'Anima n. 10, 1806-1821.$g4$w()27233 850 $aSeMil 852 $aSeMil$W1$xVenegono$y1$m2B V 4 FA$j165612$B165612$CSeMilBibl$Z2$F176615 $8I 996 $6245$aTomo 4$9(OLS)http://semarc/title/136909 LEADER 01149nam a2200169 i 4500 001 000000215108 003 CaOOAMICUS 005 20120813000000.0 008 120813s1856 it u000 u lat u 013 $a193980 040 $aSeMil$bita 245 10$aCommentaria ac disputationes in primam secundae D. Thomae, de legibus seu legislatore deo, tractatus de legibus, utriusque fori hominibus utilis, in decem libros dividitur, quorum quinque ultimos in hoc tomo reperies. 300 $aVII, 626 p. 773 0 $aSuarez, Francisco, $tFrancisci Suarez e Societate Jesu Opera omnia.$bEditio nova a D. M. André, ... [poi] a Carolo Berton iuxta editionem venetianam 23 tomos in F. continentem, accurate recognita.$dParisiis : apud Ludovicum Vivès, 1856-1878.$g6$w()27223 850 $aSeMil 852 $aSeMil$W1$xVenegono$y1$m1ZF IV 22 FA$j165529$B165529$CSeMilBibl$Z2$F176508 $8I 996 $6245$aCommentaria ac disputationes in primam secundae D. Thomae, de legibus seu legislatore deo, tractatus de legibus, utriusque fori hominibus utilis, in decem libros dividitur, quorum quinque ultimos in hoc tomo reperies$9(OLS)http://semarc/title/309816